Groundwater resources : (Record no. 11476)
[ view plain ]
| 000 -LEADER | |
|---|---|
| fixed length control field | 01424cam a2200349 a 4500 |
| 001 - CONTROL NUMBER | |
| control field | 15328331 |
| 005 - DATE AND TIME OF LATEST TRANSACTION | |
| control field | 20090122114956.0 |
| 008 - FIXED-LENGTH DATA ELEMENTS--GENERAL INFORMATION | |
| fixed length control field | 080613s2009 nyuab b 001 0 eng |
| 010 ## - LIBRARY OF CONGRESS CONTROL NUMBER | |
| LC control number | 2008025923 |
| 015 ## - NATIONAL BIBLIOGRAPHY NUMBER | |
| National bibliography number | GBA8A2595 |
| Source | bnb |
| 016 7# - NATIONAL BIBLIOGRAPHIC AGENCY CONTROL NUMBER | |
| Record control number | 014701734 |
| Source | Uk |
| 020 ## - INTERNATIONAL STANDARD BOOK NUMBER | |
| International Standard Book Number | 0071492739 (alk. paper) |
| 020 ## - INTERNATIONAL STANDARD BOOK NUMBER | |
| International Standard Book Number | 9780071492737 (alk. paper) |
| 035 ## - SYSTEM CONTROL NUMBER | |
| System control number | (OCoLC)ocn184828053 |
| 035 ## - SYSTEM CONTROL NUMBER | |
| System control number | (OCoLC)184828053 |
| 040 ## - CATALOGING SOURCE | |
| Original cataloging agency | DLC |
| Transcribing agency | DLC |
| Modifying agency | BTCTA |
| -- | BAKER |
| -- | YDXCP |
| -- | UKM |
| -- | C#P |
| -- | BWX |
| -- | IXA |
| -- | CDX |
| -- | DLC |
| 050 00 - LIBRARY OF CONGRESS CALL NUMBER | |
| Classification number | TD403 |
| Item number | .K74 2009 |
| 082 00 - DEWEY DECIMAL CLASSIFICATION NUMBER | |
| Classification number | 333.9104 |
| Edition number | 22 |
| Item number | KRE |
| 100 1# - MAIN ENTRY--PERSONAL NAME | |
| Personal name | Kresic, Neven. |
| 9 (RLIN) | 4522 |
| 245 10 - TITLE STATEMENT | |
| Title | Groundwater resources : |
| Remainder of title | sustainability, management, and restoration / |
| Statement of responsibility, etc | Neven Kresic. |
| 260 ## - PUBLICATION, DISTRIBUTION, ETC. (IMPRINT) | |
| Place of publication, distribution, etc | New York : |
| Name of publisher, distributor, etc | McGraw-Hill, |
| Date of publication, distribution, etc | c2009. |
| 300 ## - PHYSICAL DESCRIPTION | |
| Extent | xii, 852 p. : |
| Other physical details | ill., maps ; |
| Dimensions | 25 cm. |
| 500 ## - GENERAL NOTE | |
| General note | Includes Index. |
| 504 ## - BIBLIOGRAPHY, ETC. NOTE | |
| Bibliography, etc | Includes bibliographical references and index. |
| 650 #0 - SUBJECT ADDED ENTRY--TOPICAL TERM | |
| Topical term or geographic name as entry element | Groundwater |
| General subdivision | Management. |
| 9 (RLIN) | 4523 |
| 650 #0 - SUBJECT ADDED ENTRY--TOPICAL TERM | |
| Topical term or geographic name as entry element | Water conservation. |
| 9 (RLIN) | 4524 |
| 650 #0 - SUBJECT ADDED ENTRY--TOPICAL TERM | |
| Topical term or geographic name as entry element | Water quality. |
| 9 (RLIN) | 4525 |
| 650 #0 - SUBJECT ADDED ENTRY--TOPICAL TERM | |
| Topical term or geographic name as entry element | Aquifer storage recovery. |
| 9 (RLIN) | 4526 |
| 942 ## - ADDED ENTRY ELEMENTS (KOHA) | |
| Source of classification or shelving scheme | Dewey Decimal Classification |
| Item type | Book - Borrowing |
| Withdrawn status | Item status | Source of classification or shelving scheme | Damaged status | Not for loan | Vendor | Home library | Current library | Shelving location | Date acquired | Source of acquisition | Cost, normal purchase price | Serial Enumeration / chronology | Total Checkouts | Total Renewals | Full call number | Barcode | Date last seen | Date last borrowed | Koha item type |
|---|---|---|---|---|---|---|---|---|---|---|---|---|---|---|---|---|---|---|---|
| Dewey Decimal Classification | Alahram | Central Library | Central Library | First floor | 03/05/2009 | 757.00 | 371 | 4 | 14 | 333.9104 KRE | 000015961 | 15/07/2025 | 29/03/2012 | Book - Borrowing |